<?xml version="1.0" encoding="UTF-8"?><?xml-stylesheet type="text/xsl" href="static/style.xsl"?><OAI-PMH xmlns="http://www.openarchives.org/OAI/2.0/" xmlns:xsi="http://www.w3.org/2001/XMLSchema-instance" xsi:schemaLocation="http://www.openarchives.org/OAI/2.0/ http://www.openarchives.org/OAI/2.0/OAI-PMH.xsd"><responseDate>2026-04-18T01:24:46Z</responseDate><request verb="GetRecord" identifier="oai:www.recercat.cat:2117/403299" metadataPrefix="marc">https://recercat.cat/oai/request</request><GetRecord><record><header><identifier>oai:recercat.cat:2117/403299</identifier><datestamp>2026-03-16T07:43:52Z</datestamp><setSpec>com_2072_1033</setSpec><setSpec>col_2072_452951</setSpec></header><metadata><record xmlns="http://www.loc.gov/MARC21/slim" xmlns:dcterms="http://purl.org/dc/terms/" xmlns:xsi="http://www.w3.org/2001/XMLSchema-instance" xmlns:doc="http://www.lyncode.com/xoai" xsi:schemaLocation="http://www.loc.gov/MARC21/slim http://www.loc.gov/standards/marcxml/schema/MARC21slim.xsd">
   <leader>00925njm 22002777a 4500</leader>
   <datafield ind2=" " ind1=" " tag="042">
      <subfield code="a">dc</subfield>
   </datafield>
   <datafield ind2=" " ind1=" " tag="720">
      <subfield code="a">Kefi, Sabine</subfield>
      <subfield code="e">author</subfield>
   </datafield>
   <datafield ind2=" " ind1=" " tag="260">
      <subfield code="c">2023-10-24</subfield>
   </datafield>
   <datafield ind2=" " ind1=" " tag="520">
      <subfield code="a">Aquest treball aborda el desenvolupament i aplicació de criteris d'eficiència energètica en un habitatge unifamiliar mitjançant una instal·lació fotovoltaica.&#xd;
En primer lloc, s'introdueix el concepte d'eficiència energètica, es proporciona una definició clara i s'explica la seva regulació en diferents àmbits, inclosos aspectes econòmics, impacte ambiental i la creixent demanda energètica a Espanya.&#xd;
A més, es proporciona una revisió de l'estat actual de les tecnologies fotovoltaiques i les polítiques relacionades.&#xd;
Després, s'exploren les condicions inicials de la Masia de Can Sidret a San Pol de Mar, i s'analitza la utilització de l'energia elèctrica mitjançant la implementació d'un sistema solar fotovoltaica.&#xd;
Així mateix, s'avalua la viabilitat econòmica de la seva instal·lació, amb una anàlisi detallada dels elements d'aquesta instal·lació i la seva dimensió segons el sistema elèctric existent.</subfield>
   </datafield>
   <datafield ind2=" " ind1=" " tag="520">
      <subfield code="a">En este trabajo se aborda el desarrollo y la aplicación de criterios de eficiencia energética en una vivienda unifamiliar a través de una instalación fotovoltaica.&#xd;
En primer lugar, se introduce el concepto de eficiencia energética, se ofrece una definición clara y se explica su regulación en diferentes ámbitos, incluyendo aspectos económicos, impacto ambiental y el estado de la demanda energética en España.&#xd;
Además, se proporciona una revisión del estado actual de las tecnologías fotovoltaicas y las políticas relacionadas.&#xd;
Luego, se exploran las condiciones iniciales de la Masía de Can Sidret en San Pol de Mar, y se analiza la utilización de la energía eléctrica mediante la implementación de un sistema solar fotovoltaico.&#xd;
Asimismo, se evalúa la viabilidad económica de su instalación, detallando los elementos de dicha instalación y dimensión de acuerdo al sistema eléctrico existente.</subfield>
   </datafield>
   <datafield ind2=" " ind1=" " tag="520">
      <subfield code="a">This work addresses the development and application of energy efficiency criteria in a single-family home through a photovoltaic installation.&#xd;
Firstly, the concept of energy efficiency is introduced, providing a clear definition and explaining its regulation in various aspects, including economic factors, environmental impact, and the growing energy demand in Spain. Furthermore, it offers an overview of the current state of photovoltaic technologies and related policies.&#xd;
Next, it explores the initial conditions of the Can Sidret Masia in San Pol de Mar, analyzing the use of electrical energy through the implementation of a photovoltaic solar system.&#xd;
The economic feasibility of its installation is also assessed, detailing the elements of this installation and sizing them according to the existing electrical system.</subfield>
   </datafield>
   <datafield tag="653" ind2=" " ind1=" ">
      <subfield code="a">Àrees temàtiques de la UPC::Energies</subfield>
   </datafield>
   <datafield tag="653" ind2=" " ind1=" ">
      <subfield code="a">Housing</subfield>
   </datafield>
   <datafield tag="653" ind2=" " ind1=" ">
      <subfield code="a">Electric power</subfield>
   </datafield>
   <datafield tag="653" ind2=" " ind1=" ">
      <subfield code="a">Photovoltaic power generation</subfield>
   </datafield>
   <datafield tag="653" ind2=" " ind1=" ">
      <subfield code="a">Criterios de eficiencia energética</subfield>
   </datafield>
   <datafield tag="653" ind2=" " ind1=" ">
      <subfield code="a">vivienda unifamiliar</subfield>
   </datafield>
   <datafield tag="653" ind2=" " ind1=" ">
      <subfield code="a">instalación fotovoltaica</subfield>
   </datafield>
   <datafield tag="653" ind2=" " ind1=" ">
      <subfield code="a">impacto ambiental.</subfield>
   </datafield>
   <datafield tag="653" ind2=" " ind1=" ">
      <subfield code="a">Habitatge</subfield>
   </datafield>
   <datafield tag="653" ind2=" " ind1=" ">
      <subfield code="a">Energia elèctrica</subfield>
   </datafield>
   <datafield tag="653" ind2=" " ind1=" ">
      <subfield code="a">Energia solar fotovoltaica</subfield>
   </datafield>
   <datafield ind2="0" ind1="0" tag="245">
      <subfield code="a">Implementación de criterios de utilización de la energía eléctrica en una vivienda unifamiliar, utilizando energía solar fotovoltaica</subfield>
   </datafield>
</record></metadata></record></GetRecord></OAI-PMH>